000 00779nam a2200289Ia 4500
005 20260324112653.0
008 008 260324s9999 xx 000 0 eng d
020 _a9781003388814
037 _aEBOOK
040 _aCRL
040 _beng
040 _cCRL
041 _2eng
041 _aeng
084 _qCRL
100 _aNeha Sharma; Sunil Gautam; Jai Prakash Verma; Valentina Emilia Balas; Saravanan Krishnan
_91143665
245 0 _aGreen Computing for Sustainable Smart Cities
245 2 _bA Data Analytics Applications Perspective
260 _bTaylor and Francis
260 _c2024
365 _a
365 _b340
856 _uhttp://www.taylorfrancis.com/books/9781003388814
942 _cEBOOK
999 _c1732956
_d1732956